| 000 | 00522nam a2200145 4500 | ||
|---|---|---|---|
| 999 |
_c15886 _d15886 |
||
| 008 | 201217b ||||| |||| 00| 0 eng d | ||
| 022 | _a0732-8435 | ||
| 082 | _aDPer 657.05 C33 Sept - Mar 2015, v. 85 - 86 | ||
| 100 |
_942692 _aAnders, Susan |
||
| 245 |
_aRoundup of tax-related identity theft resources/ _b _cSusan Anders. |
||
| 260 |
_aNew York: _bThe New York State Society of CPA, _c©2015. |
||
| 300 |
_av85 n11, pages 64-65: _billustrations; _c28 cm. |
||
| 650 |
_aSwindlers and swindling. _942693 |
||
| 942 |
_2ddc _cPER |
||